Normal view
MARC view
Entry Personal Name
001 - CONTROL NUMBER
- control field: 3496
003 - CONTROL NUMBER IDENTIFIER
- control field: BD-RjUL
005 - DATE AND TIME OF LATEST TRANSACTION
- control field: 20220607151924.0
008 - FIXED-LENGTH DATA ELEMENTS
- fixed length control field: 220607|| aca||aabn | a|a d
040 ## - CATALOGING SOURCE
- Original cataloging agency: BD-RjUL
- Transcribing agency: BD-RjUL
100 ## - HEADING--PERSONAL NAME
- Personal name: باكلا, محمد حسن # Bakla, Muhammad Hassan
670 ## - SOURCE DATA FOUND
- Source citation: Work cat.: (BD-RjUL)79936: باكلا, محمد حسن # Bakla, Muhammad Hassan, أبحاث الندوة العالمية الأولى لتعليم العربية لغير الناطقين بها # Abḥāth al-Nadwah al-ʻĀlamīyah al-Ūlá li-Taʻlīm al-ʻArabīyah li-Ghayr al-Nāṭiqīn bi-hā /, 1980.